Statistics for African Geography by Letter - H

Click here to take the quiz!

General Stats

  • This quiz has been taken 441 times
    (343 since last reset)
  • The average score is 12 of 17

Answer Stats

HintAnswer% Correct
Major peninsula in East Africa{Horn} of Africa
98%
Cape of Good ____Hope
94%
Huge and fierce "river" mammalHippopotamus
92%
48.5% of the people of Mauritius
follow this religion
Hinduism
91%
"Laughing" African animalHyena
91%
Capital of ZimbabweHarare
90%
Ancient form of Egyptian writingHieroglyphs
86%
Dip commonly made of chickpeasHummus
80%
Mountainous region of Ethiopia,
similar to that of Scotland's
Ethiopian
{Highlands}
79%
Main ethnic group of RwandaHutu
79%
Swahili phrase that means "no worries"Hakuna Matata
76%
Island where Napoleon diedSaint {Helena}
76%
Nickname of RwandaLand of a
Thousand {Hills}
47%
Capital of Nigeria's oil industryPort {Harcourt}
45%
Capital of SomalilandHargeisa
30%
Most-spoken language in NigerHausa
28%
Second-biggest city in AngolaHuambo
16%

Score Distribution

Percentile by Number Answered

Percent of People with Each Score

Your Score History

You have not taken this quiz since the last reset